000 01628nam a22003017a 4500
005 20210325190944.0
008 s2534 th tha d
041 _atha
090 _aว LA1223 ส339ก 2534
100 0 _aสรรเสริญ อุทัยเฉลิม
245 1 0 _aการศึกษากับการพัฒนาทรัพยากรมนุษย์
260 3 _aม.ป.ท. :
_bม.ป.พ.,
_c2534
300 _a118 หน้า :
_b แผนภูมิ, ตาราง ;
_c 29 ซม.
650 0 4 _aกระทรวงศึกษาธิการ -- การบริหาร
650 0 4 _aการพัฒนาทรัพยากรมนุษย์
650 0 4 _aการศึกษา -- ไทย -- 2538--2546
650 0 4 _aการศึกษากับการพัฒนาทรัพยากรมนุษย์
650 0 4 _aทบวงมหาวิทยาลัย -- บทบาท
650 0 4 _aปลัดกระทรวงศึกษาธิการ -- บทบาท
650 0 4 _aมหาวิทยาลัยกับการพัฒนาประเทศ
650 0 4 _aสถาบันอุดมศึกษา -- การผลิตกำลังคน
650 0 4 _aสถาบันอุดมศึกษาเอกชน -- บทบาท
700 0 _aสรรเสริญ อุทัยเฉลิม
850 _aNALT
942 _cRSH
997 _c000000000026968
_kVC
998 _aนางสาวสุพันดา สุภาพ
999 _c26968
_d26968